<?xml version="1.0" encoding="UTF-8"?>
<record
    xmlns:xsi="http://www.w3.org/2001/XMLSchema-instance"
    xsi:schemaLocation="http://www.loc.gov/MARC21/slim http://www.loc.gov/standards/marcxml/schema/MARC21slim.xsd"
    xmlns="http://www.loc.gov/MARC21/slim">

  <leader>00750cam a22002411  4500</leader>
  <controlfield tag="001">ne 68000266 </controlfield>
  <controlfield tag="003">DLC</controlfield>
  <controlfield tag="005">20260227111837.0</controlfield>
  <controlfield tag="008">881221s1967    iq       b    000 0 ara  </controlfield>
  <datafield tag="010" ind1=" " ind2=" ">
    <subfield code="a">ne 68000266 </subfield>
  </datafield>
  <datafield tag="035" ind1=" " ind2=" ">
    <subfield code="a">(OCoLC)18935302</subfield>
  </datafield>
  <datafield tag="040" ind1=" " ind2=" ">
    <subfield code="a">DLC</subfield>
    <subfield code="c">CU</subfield>
    <subfield code="d">CU</subfield>
    <subfield code="d">DLC</subfield>
  </datafield>
  <datafield tag="043" ind1=" " ind2=" ">
    <subfield code="a">a-iq---</subfield>
  </datafield>
  <datafield tag="050" ind1="0" ind2="0">
    <subfield code="a">R644.I7</subfield>
    <subfield code="b">A65</subfield>
  </datafield>
  <datafield tag="100" ind1="1" ind2=" ">
    <subfield code="a">&#x2BB;Alwach&#x12B;, &#x2BB;Abd al-&#x1E24;am&#x12B;d.</subfield>
  </datafield>
  <datafield tag="245" ind1="1" ind2="0">
    <subfield code="a">T&#x101;r&#x12B;kh al-&#x1E6D;ibb al-&#x2BB;Ir&#x101;q&#x12B;,</subfield>
    <subfield code="c">ta&#x2BC;l&#x12B;f &#x2BB;Abd al-&#x1E24;am&#x12B;d al-&#x2BB;Alwach&#x12B;.</subfield>
  </datafield>
  <datafield tag="260" ind1=" " ind2=" ">
    <subfield code="a">Baghd&#x101;d,</subfield>
    <subfield code="b">Ma&#x1E6D;ba&#x2BB;at As&#x2BB;ad,</subfield>
    <subfield code="c">1967.</subfield>
  </datafield>
  <datafield tag="300" ind1=" " ind2=" ">
    <subfield code="a">28, 628 p.</subfield>
    <subfield code="c">25 cm.</subfield>
  </datafield>
  <datafield tag="500" ind1=" " ind2=" ">
    <subfield code="a">Added t. p.: History of medicine in Iraq, by Abdul Hameed al-Alouchi.</subfield>
  </datafield>
  <datafield tag="504" ind1=" " ind2=" ">
    <subfield code="a">Bibliography: p. 546-556.</subfield>
  </datafield>
  <datafield tag="650" ind1=" " ind2="0">
    <subfield code="a">Medicine</subfield>
    <subfield code="z">Iraq.</subfield>
  </datafield>
  <datafield tag="740" ind1="0" ind2=" ">
    <subfield code="a">&#x1E6C;ibb al-&#x2BB;Ir&#x101;q&#x12B;.</subfield>
  </datafield>
  <datafield tag="999" ind1=" " ind2=" ">
    <subfield code="c">49982</subfield>
    <subfield code="d">49982</subfield>
  </datafield>
</record>
